ბათუმის შოთა რუსთაველის სახელმწიფო უნივერსიტეტის ბიბლიოთეკა

ჩანაწერი Corporate Name

ჩანაწერთა რაოდენობა, რომელიც გამოყენებულია: 1

001 - CONTROL NUMBER

  • control field: 22532

003 - CONTROL NUMBER IDENTIFIER

  • control field: GE_BSU

005 - DATE AND TIME OF LATEST TRANSACTION

  • control field: 20240621110253.0

008 - FIXED-LENGTH DATA ELEMENTS

  • fixed length control field: 240621|| aca||aabn | a|a d

040 ## - CATALOGING SOURCE

  • Original cataloging agency: GE_BSU
  • Transcribing agency: GE_BSU

110 ## - HEADING--CORPORATE NAME

  • Corporate name or jurisdiction name as entry element: ფარმაკოქიმიის ინსტიტუტი ი. ქუთათელაძის სახელობის.

670 ## - SOURCE DATA FOUND

  • Source citation: Work cat.: (GE_BSU): საქართველოს მცენარეული და მინერალური წარმოშობის ბიოლოგიურად აქტიური ნივთიერებების შესწავლა = Изучение биологически активных соединений из растительного и минерального сырья Грузии = Investigation of Georgian Biologically Active Compounds of Plant and Mineral Origin /